Normal view
MARC view
- Product management
Entry Topical Term
001 - CONTROL NUMBER
- control field: 98522
003 - CONTROL NUMBER IDENTIFIER
- control field: NUST
005 - DATE AND TIME OF LATEST TRANSACTION
- control field: 20220825162059.0
008 - FIXED-LENGTH DATA ELEMENTS
- fixed length control field: 220825|| aca||aabn | a|a d
040 ## - CATALOGING SOURCE
- Original cataloging agency: NUST
- Transcribing agency: NUST
150 ## - HEADING--TOPICAL TERM
- Topical term or geographic name entry element: Product management
670 ## - SOURCE DATA FOUND
- Source citation: Work cat.: (NUST)591095: Perri, Melissa, author. 97540, Escaping the build trap :, 2019
